000 00328nam a2200121Ia 4500
008 220217s9999||||xx |||||||||||||| ||und||
082 _a004.165 02
100 _aBPB publication
_91389
245 0 _aMicroprocessor :data hand book
260 _aBPB publication
_bNew Delhi
_c2000
300 _b270
650 _aMICROPROCESSOR
999 _c166473
_d166473